000 00286nam a22001337a 4500
008 180131b xxu||||| |||| 00| 0 eng d
020 _a625863001
041 _aeng
080 _a610
100 _a4
101 _aSHM
245 _aHealth & Physical Fitness
_cMarley
942 _2udc
_cBK
999 _c41325
_d41325